<?xml version="1.0" encoding="UTF-8"?>
<record
    xmlns:xsi="http://www.w3.org/2001/XMLSchema-instance"
    xsi:schemaLocation="http://www.loc.gov/MARC21/slim http://www.loc.gov/standards/marcxml/schema/MARC21slim.xsd"
    xmlns="http://www.loc.gov/MARC21/slim">

  <leader>00279nam a22001097a 4500</leader>
  <datafield tag="040" ind1=" " ind2=" ">
    <subfield code="c">SK</subfield>
  </datafield>
  <datafield tag="082" ind1=" " ind2=" ">
    <subfield code="a">343</subfield>
  </datafield>
  <datafield tag="100" ind1=" " ind2=" ">
    <subfield code="a">&#x1793;&#x17B6;&#x1799;&#x1780;&#x178A;&#x17D2;&#x178B;&#x17B6;&#x1793;&#x1787;&#x179B;&#x1795;&#x179B;</subfield>
  </datafield>
  <datafield tag="245" ind1=" " ind2=" ">
    <subfield code="a">&#x17A2;&#x178F;&#x17D2;&#x1790;&#x1794;&#x1791;&#x1785;&#x17D2;&#x1794;&#x17B6;&#x1794;&#x17CB;&#x1787;&#x179B;&#x1795;&#x179B;</subfield>
  </datafield>
  <datafield tag="260" ind1=" " ind2=" ">
    <subfield code="a">Phnom Penh</subfield>
    <subfield code="b">&#x1787;&#x179B;&#x1795;&#x179B;</subfield>
    <subfield code="c">1990</subfield>
  </datafield>
  <datafield tag="942" ind1=" " ind2=" ">
    <subfield code="c">KB</subfield>
  </datafield>
  <datafield tag="999" ind1=" " ind2=" ">
    <subfield code="c">9933</subfield>
    <subfield code="d">9933</subfield>
  </datafield>
  <datafield tag="952" ind1=" " ind2=" ">
    <subfield code="0">0</subfield>
    <subfield code="1">0</subfield>
    <subfield code="4">0</subfield>
    <subfield code="6">343_000000000000000_&#x1787;&#x179B;&#x1795;&#x179B;_1990_C195</subfield>
    <subfield code="7">0</subfield>
    <subfield code="9">52154</subfield>
    <subfield code="a">LBC</subfield>
    <subfield code="b">LBC</subfield>
    <subfield code="c">C195</subfield>
    <subfield code="d">2016-09-15</subfield>
    <subfield code="o">343 &#x1787;&#x179B;&#x1795;&#x179B; 1990 C195</subfield>
    <subfield code="p">RUA047855</subfield>
    <subfield code="r">2016-09-15</subfield>
    <subfield code="y">KB</subfield>
  </datafield>
  <datafield tag="952" ind1=" " ind2=" ">
    <subfield code="0">0</subfield>
    <subfield code="1">0</subfield>
    <subfield code="4">0</subfield>
    <subfield code="6">343_000000000000000_&#x1787;&#x179B;&#x1795;&#x179B;_1990_C195</subfield>
    <subfield code="7">0</subfield>
    <subfield code="9">52156</subfield>
    <subfield code="a">LBC</subfield>
    <subfield code="b">LBC</subfield>
    <subfield code="c">C195</subfield>
    <subfield code="d">2016-09-15</subfield>
    <subfield code="o">343 &#x1787;&#x179B;&#x1795;&#x179B; 1990 C195</subfield>
    <subfield code="p">A01633</subfield>
    <subfield code="r">2016-09-15</subfield>
    <subfield code="y">KB</subfield>
  </datafield>
</record>
